Which One Doesn't Belong - Pictures? - Statistics

General Stats
  • This quiz has been taken 414 times
    398 since last reset
  • The average score is 9 of 15
Answer Stats
Question Answer % Correct
U.S Presidents
91%
National Flags
88%
Religious Buildings
79%
Mammals
73%
Photos taken in the 20th century
70%
Scientists
67%
People Named Jane
61%
Fruits
55%
Planets
52%
Functions
48%
European Cities
42%
Things beginning with C
39%
Woodwinds
30%
Impressionist Paintings
30%
Countries beginning with M
30%
No matching quizzes found
Score Distribution
Percent of People with Each Score
Percentile by Number Answered
Your Score History
You have not taken this quiz since the last reset